Value of high resolution ultrasound in assessment of intra articular causes of knee pain in comparison to MRI findings / (رقم التسجيلة. 178356)

تفاصيل مارك
000 -LEADER
fixed length control field 04578namaa22004451i 4500
003 - CONTROL NUMBER IDENTIFIER
control field EG-GICUC
005 - أخر تعامل مع التسجيلة
control field 20260219112744.0
008 - FIXED-LENGTH DATA ELEMENTS--GENERAL INFORMATION
fixed length control field 260210s2024 ua a|||frm||| 000 0 eng d
040 ## - CATALOGING SOURCE
Original cataloguing agency EG-GICUC
Language of cataloging eng
Transcribing agency EG-GICUC
Modifying agency EG-GICUC
Description conventions rda
041 0# - LANGUAGE CODE
Language code of text/sound track or separate title eng
Language code of summary or abstract eng
-- ara
049 ## - Acquisition Source
Acquisition Source Deposit
082 04 - DEWEY DECIMAL CLASSIFICATION NUMBER
Classification number 616.07548
092 ## - LOCALLY ASSIGNED DEWEY CALL NUMBER (OCLC)
Classification number 616.07548
Edition number 21
097 ## - Degree
Degree Ph.D
099 ## - LOCAL FREE-TEXT CALL NUMBER (OCLC)
Local Call Number Cai01.11.31.Ph.2024.D.Sh.V
100 0# - MAIN ENTRY--PERSONAL NAME
Authority record control number or standard number Shaimaa Mohamed Megahed,
Preparation preparation.
245 10 - TITLE STATEMENT
Title Value of high resolution ultrasound in assessment of intra articular causes of knee pain in comparison to MRI findings /
Statement of responsibility, etc. by Shaimaa Mohamed Megahed ; Supervision Prof. Dr. Hatem Mohamed El-Azizi, Dr. Ahmed Zein Eldein Fathy Bendary, Dr. Ahmed Saed Hussein El Feeshawy.
246 15 - VARYING FORM OF TITLE
Title proper/short title دور الموجات فوق الصوتية عالية الدقة في تقييم أسباب ألم الركبة الناتجة من داخل المفصل مقارنة بنتائج الرنين المغناطيسى /
264 #0 - PRODUCTION, PUBLICATION, DISTRIBUTION, MANUFACTURE, AND COPYRIGHT NOTICE
Date of production, publication, distribution, manufacture, or copyright notice 2025.
300 ## - PHYSICAL DESCRIPTION
Extent 113 pages :
Other physical details illustrations ;
Dimensions 25 cm. +
Accompanying material CD.
336 ## - CONTENT TYPE
Content type term text
Source rda content
337 ## - MEDIA TYPE
Media type term Unmediated
Source rdamedia
338 ## - CARRIER TYPE
Carrier type term volume
Source rdacarrier
502 ## - DISSERTATION NOTE
Dissertation note Thesis (Ph.D)-Cairo University, 2025.
504 ## - BIBLIOGRAPHY, ETC. NOTE
Bibliography, etc. note Bibliography: pages 103-113.
520 #3 - SUMMARY, ETC.
Summary, etc. Regarding their importance of biomechanics of knee joint <br/>movement, ACL & PCL are important items to assess in knee <br/>ultrasound, the ACL in particular prevent anterior translation of <br/>the tibia and its internal rotation as well (Perryman et al., 2002). <br/>The PCL prevent posterior patellar translation & its eternal <br/>rotation (Bengtzen et al., 2016). <br/>By high resolution MSK US assessment of ACL in general <br/>depending on degree of extent of fat present in patient's knee, low <br/>proportion of fat found in young athletes, so femoral attachment <br/>could be clearly visualized (Lee et al., 2021). <br/>Previously the anterior cruciate ligament was not involved in ultrasound <br/>knee joint scan due to its oblique course, but nowadays it is routinely <br/>assessed in pre and post-operative cases owing to high ultrasound <br/>technology and awareness of sono-anatomy
520 #3 - SUMMARY, ETC.
Summary, etc. فيما يتعلق بأهميتهما في الميكانيكا الحيوية لحركة مفصل الركبة، يُعد الرباط الصليبي الأمامي (ACL) والرباط الصليبي الخلفي (PCL) عنصرين مهمين يجب تقييمهما في فحص الركبة بالموجات فوق الصوتية. يمنع الرباط الصليبي الأمامي على وجه الخصوص الانزلاق الأمامي لعظم الظنبوب ودورانه الداخلي أيضًا (بيريمان وآخرون، 2002). ويمنع الرباط الصليبي الخلفي الانزلاق الخلفي للرضفة ودورانها الخارجي (بينغتزن وآخرون، 2016). وباستخدام فحص الموجات فوق الصوتية عالي الدقة للجهاز العضلي الهيكلي، يمكن تقييم الرباط الصليبي الأمامي بشكل عام، اعتمادًا على درجة وجود الدهون في ركبة المريض. ونظرًا لانخفاض نسبة الدهون لدى الرياضيين الشباب، يمكن رؤية ارتباط الرباط بعظم الفخذ بوضوح (لي وآخرون، 2021). في السابق، لم يكن الرباط الصليبي الأمامي يُفحص بالموجات فوق الصوتية لمفصل الركبة بسبب مساره المائل، ولكنه يُفحص الآن بشكل روتيني في الحالات قبل وبعد الجراحة بفضل التطور الكبير في تقنية الموجات فوق الصوتية والوعي بتشريح الركبة بالموجات فوق الصوتية.
530 ## - ADDITIONAL PHYSICAL FORM AVAILABLE NOTE
Issues CD Issues also as CD.
546 ## - LANGUAGE NOTE
Text Language Text in English and abstract in Arabic & English.
650 #0 - SUBJECT ADDED ENTRY--TOPICAL TERM
Topical term or geographic name entry element Magnetic Resonance Imaging
650 #0 - SUBJECT ADDED ENTRY--TOPICAL TERM
Topical term or geographic name entry element الرنين المغناطيسى
653 #1 - INDEX TERM--UNCONTROLLED
Uncontrolled term resolution MSK US
-- Regarding
-- Previously
700 0# - ADDED ENTRY--PERSONAL NAME
Personal name Hatem Mohamed El-Azizi
Relator term thesis advisor.
700 0# - ADDED ENTRY--PERSONAL NAME
Personal name Ahmed Zein Eldein Fathy Bendary
Relator term thesis advisor.
700 0# - ADDED ENTRY--PERSONAL NAME
Personal name Ahmed Saed Hussein El Feeshawy
Relator term thesis advisor.
900 ## - Thesis Information
Grant date 01-01-2025
Supervisory body Hatem Mohamed El-Azizi
-- Ahmed Zein Eldein Fathy Bendary
-- Ahmed Saed Hussein El Feeshawy
Universities Cairo University
Faculties Faculty of Medicine
Department Department of Diagnostic & Interventional Radiology
905 ## - Cataloger and Reviser Names
Cataloger Name Shimaa
Reviser Names Eman Ghareb
942 ## - ADDED ENTRY ELEMENTS (KOHA)
Source of classification or shelving scheme Dewey Decimal Classification
Koha item type Thesis
Edition 21
Suppress in OPAC No
المقتنيات
Source of classification or shelving scheme Home library Current library Date acquired Inventory number Full call number Barcode Date last seen Effective from Koha item type
Dewey Decimal Classification المكتبة المركزبة الجديدة - جامعة القاهرة قاعة الرسائل الجامعية - الدور الاول 10.02.2026 93344 Cai01.11.31.Ph.D.2024.Sh.V 01010110093344000 10.02.2026 10.02.2026 Thesis
Cairo University Libraries Portal Implemented & Customized by: Eng. M. Mohamady Contacts: new-lib@cl.cu.edu.eg | cnul@cl.cu.edu.eg
CUCL logo CNUL logo
© All rights reserved — Cairo University Libraries
CUCL logo
Implemented & Customized by: Eng. M. Mohamady Contact: new-lib@cl.cu.edu.eg © All rights reserved — New Central Library
CNUL logo
Implemented & Customized by: Eng. M. Mohamady Contact: cnul@cl.cu.edu.eg © All rights reserved — Cairo National University Library